Word Ladder: Don't Like Mondays? Quiz Stats

 Plays Quiz Updated Feb 25, 2019

Score 0/12 Timer 01:30
0 Plays Today
Clue 4-Letter Word % Correct
Slang for Australia: ____ UnderDOWN
97.3%
Bruce Springsteen's '____ to run'BORN
96.1%
The Sound of an Explosion☆ BOOM ☆
95.7%
Time of day when Birds singDAWN
95.2%
Partner of 'truth' in teen gameDARE
91.1%
Split between decisionsTORN
89.7%
A medium sized settlement☆ TOWN ☆
88.2%
Something helpful or beneficialBOON
88.2%
Mend with stitchesDARN
87.9%
Red meat?RARE
77.6%
Assign a score; hourly wageRATE
74%
Disney Brothers Remy and Emile☆ RATS ☆
52.8%

Today's Daily Dose

Missing Word
Wicked Songs

Word Ladder
Blue Ivies

Get the Picture
Green on the Flag?

You're not logged in!

Compare scores with friends on all Sporcle quizzes.
OR
Log In

You Might Also Like...

Show Comments

Extras

Top Quizzes Today


Score Distribution

Your Account Isn't Verified!

In order to create a playlist on Sporcle, you need to verify the email address you used during registration. Go to your Sporcle Settings to finish the process.

Report this User

Report this user for behavior that violates our Community Guidelines.

Details: